Farmland prices stabilse (Record no. 71549)
[ view plain ]
| 000 -LEADER | |
|---|---|
| fixed length control field | 01097cam a2200229 4500 |
| 001 - CONTROL NUMBER | |
| control field | WB3842-21 |
| 008 - FIXED-LENGTH DATA ELEMENTS--GENERAL INFORMATION | |
| fixed length control field | 021112n2002 000 0 eng u |
| 035 ## - SYSTEM CONTROL NUMBER | |
| System control number | (Sirsi) u120421 |
| 245 ## - TITLE STATEMENT | |
| Title | Farmland prices stabilse |
| 260 ## - PUBLICATION, DISTRIBUTION, ETC. | |
| Date of publication, distribution, etc. | 2002 |
| 490 ## - SERIES STATEMENT | |
| Series statement | RICS Press Release |
| Volume/sequential designation | (pr126) 13 November 2002 (2) |
| 520 ## - SUMMARY, ETC. | |
| Summary, etc. | The latest RICS rural land market survey reveals that farmland prices have stabilised following a sharp rise at the start of the year. The survey shows the price of land per hectare rose to £7 801 from £7 651 in the last quarter, although this is lower than the price achieved at the beginning of the year. Bare land prices have jumped by 9% over the year to stand at £6 303 per hectare, the highest figure since the first quarter of 2000. http://www.rics.org/ricscms/bin/show?class=PressRelease&template=/includes/showpr.html&id=833&faculty=RICS |
| 590 ## - LOCAL NOTE (RLIN) | |
| Local note | WB |
| 650 ## - SUBJECT ADDED ENTRY--TOPICAL TERM | |
| Topical term or geographic name entry element | RICS SURVEYS |
| 650 ## - SUBJECT ADDED ENTRY--TOPICAL TERM | |
| Topical term or geographic name entry element | FARMLAND PRICES |
| 650 ## - SUBJECT ADDED ENTRY--TOPICAL TERM | |
| Topical term or geographic name entry element | LAND PRICES |
| 650 ## - SUBJECT ADDED ENTRY--TOPICAL TERM | |
| Topical term or geographic name entry element | RURAL LAND |
| 650 ## - SUBJECT ADDED ENTRY--TOPICAL TERM | |
| Topical term or geographic name entry element | PRICE RISES |
| 650 ## - SUBJECT ADDED ENTRY--TOPICAL TERM | |
| Topical term or geographic name entry element | FARMLAND VALUES |
| 690 ## - LOCAL SUBJECT ADDED ENTRY--TOPICAL TERM (OCLC, RLIN) | |
| Topical term or geographic name as entry element | RURAL-MARKET |
| 942 ## - ADDED ENTRY ELEMENTS (KOHA) | |
| Suppress in OPAC | 0 |
| Withdrawn status | Lost status | Source of classification or shelving scheme | Damaged status | Not for loan | Home library | Current library | Shelving location | Date acquired | Total Checkouts | Full call number | Barcode | Date last seen | Copy number | Price effective from | Koha item type |
|---|---|---|---|---|---|---|---|---|---|---|---|---|---|---|---|
| Dewey Decimal Classification | London | London | News article | 12/11/2002 | WB3842-21 | 120421-1001 | 06/08/2019 | 1 | 06/08/2019 | News article |